Szczegóły MARC21

Błonkówki : pszczoły, osy i mrówki środkowej Europy /

005 -DATA I CZAS OSTATNIEJ MODYFIKACJI [,]
    • @
    • pole kontrolne
    • 20110601093054.0
020 -Międzynarod. znormalizowany nr książki - ISBN [ , ]
    • a
    • Numer ISBN
    • 9788370737078 Find
040 -Instytucja sporządzająca opis [ , ]
    • a
    • Instytucja, która sporządziła opis (NP)
    • SZCZ U/KLR
    • c
    • Instytucja, która sporządziła rekord (NP)
    • SZCZ U/KLR
    • d
    • Instytucja, która zmodyfikowała rekord (P)
    • SZCZ U/JŚ
041 -Język dokumentu [1, ]
    • a
    • Język tekstu (P)
    • polski
    • h
    • Język tekstu oryginalnego i/lub pośredniego (P)
    • niemiecki
044 -Kraj miejsca wydania [ , ]
    • a
    • Kraj miejsca wydania
    • Polska
942 -Rodzaj dokumentu [ , ]
    • c
    • Rodzaj dokumentu
    • Książka
100 -Hasło główne - nazwa osobowa [1, ]
    • 9
    • KHW
    • 13559
    • a
    • Nazwa osobowa (NP)
    • Bellmann, Heiko
    • d
    • Daty biograficzne (NP)
    • (1950- ).
245 -Strefa tytułu i oznaczenia odpowiedzialności [1,0]
    • a
    • Tytuł
    • Błonkówki : Find
    • b
    • Ciąg dalszy tytułu (NP)
    • pszczoły, osy i mrówki środkowej Europy / Find
    • c
    • Pozostałe elementy strefy tytułu i oznaczenia odpowiedzialności (NP)
    • Heiko Bellmann ; przekł. z j. niem. i adapt. Henryk Garbarczyk.
246 -Wariant tytułu [1,0]
    • i
    • Tekst wyświetlany na ekranie monitora (NP)
    • Tyt. oryg.
    • a
    • Tytuł (NP)
    • Bienen Wespen Ameisen Hautflügler Mitteleuropas
260 -Strefa adresu wydawniczego [ , ]
    • a
    • Miejsce wydania (P)
    • Warszawa :
    • b
    • Nazwa wydawcy (P)
    • Multico Oficyna Wydawnicza,
    • c
    • Data wydania (P)
    • 2011.
300 -Strefa opisu fizycznego [ , ]
    • a
    • Określenie formy książki i/lub objętość (NP)
    • 344 s. :
    • b
    • Oznaczenie ilustracji (NP)
    • il. ;
    • c
    • Format (NP)
    • 20 cm.
830 -Hasło dodatkowe serii i opisu książki wielotomowej - tytuł ujednolicony/tytuł [ ,0]
    • 9
    • KHW
    • 13561
    • a
    • Tytuł ujednolicony/tytuł (NP)
    • Przewodnik Entomologa
504 -Uwaga dot. bibliogr. załącznikowej [ , ]
    • a
    • Uwaga dot. bibliografii załącznikowej
    • Bibliogr.
080 -Uniwersalna Klasyfikacja Dziesiętna [ , ]
    • 2
    • Identyfikator wydania tablic
    • UDC-P058
    • 9
    • UKD
    • 4459
    • a
    • Symbol klasyfikacji
    • 595.7
    • b
    • Dopowiedzenie
    • Owady. Entomologia.
    • 4
    • UKD2
    • 9654
    • x
    • Poddział wspólny
    • (02.062)
    • c
    • Dopowiedzenie poddz. wspólnego
    • (Książki popularne. Przedstawienie tematu na poziomie elementarnym).
    • 4
    • UKD2
    • 13540
    • x
    • Poddział wspólny
    • (4-191.2)
    • c
    • Dopowiedzenie poddz. wspólnego
    • (Europa Centralna. Europa Środkowa).
980 -Symbol UKD [ , ]
    • a
    • UKD
    • 595.7(02.062)(4-191.2)
700 -Hasło dodatkowe - nazwa osobowa [1, ]
    • 9
    • KHW
    • 11160
    • a
    • Nazwa osobowa (NP)
    • Garbarczyk, Henryk. Find
    • e
    • Określenie rodzaju współpracy
    • Tł.
920 -ISBN [ , ]
    • a
    • ISBN
    • 978-83-7073-707-8 Find
Status udost. Numer inwentarzowy Data inwentaryzacji Lokalizacja
1Z.1154282011-05-20BG